00354nam a2200109 a 450000500170000000800410001705000190005824500120007744000280008999900190011795201080013620140414132041.0110323s19uu xx 00 eng d aBBbSh529 1994 aShapes. aThe wonders of learning c113855d113855 001040aMUbMUcBBd2011-03-23eBkRewardl0oBB Sh529 1994pM5511r2014-04-14 00:00:00w2014-04-14yBK